[Event "TUR-chT 1st League"]
[Site "Konya"]
[Date "2022.08.22"]
[Round "1.9"]
[White "Kanmazalp, Ogulcan"]
[Black "Ozsakallioglu, Akin"]
[Result "1-0"]
[WhiteElo "2468"]
[BlackElo "2100"]
[PlyCount "29"]
[EventDate "2022.08.22"]
[EventType "team-swiss"]
[EventRounds "9"]
[EventCountry "TUR"]
[SourceTitle "CBM 209 Extra"]
[Source "ChessBase"]
[SourceDate "2022.09.30"]
[SourceVersion "1"]
[SourceVersionDate "2022.09.30"]
[SourceQuality "1"]
[WhiteTeam "Yalova Belediye"]
[BlackTeam "Dogru Hamle Genclik"]
[WhiteTeamCountry "TUR"]
[BlackTeamCountry "TUR"]

1. d4 Nf6 2. c4 g6 3. Nc3 Bg7 4. e4 d6 5. h3 Nfd7 6. Be3 c5 7. d5 Na6 8. Nf3 Nc7 9. Be2 e6 10. dxe6 Nxe6 11. Qxd6 Nd4 12. Bxd4 Bf8 13. Qf4 cxd4 14. Nd5 Qa5+ 15. Kf1 1-0

[Event "Ankara Baskent Univ op-A 3rd"]
[Site "Ankara"]
[Date "2018.09.01"]
[Round "9"]
[White "Yildizak, Goksel"]
[Black "Kanmazalp, Ogulcan"]
[Result "0-1"]
[WhiteElo "1910"]
[BlackElo "2481"]
[PlyCount "106"]
[EventDate "2018.08.27"]
[EventType "swiss"]
[EventRounds "9"]
[EventCountry "TUR"]
[SourceTitle "CBM 187 Extra"]
[Source "ChessBase"]
[SourceDate "2018.11.04"]
[SourceVersion "1"]
[SourceVersionDate "2018.11.04"]
[SourceQuality "1"]

1. d4 g6 2. c4 Bg7 3. Nf3 c5 4. Nc3 cxd4 5. Nxd4 Nc6 6. Nb3 Nf6 7. g3 d6 8. Bg2 Be6 9. c5 d5 10. Bg5 h6 11. Bxf6 Bxf6 12. Nxd5 Bxb2 13. Rb1 Bg7 14. 0-0 0-0 15. e4 Bd7 16. Nd2 e6 17. Ne3 Qc7 18. Ndc4 Rfd8 19. Nd6 b6 20. cxb6 axb6 21. Nb5 Qb8 22. Qe2 Nd4 23. Nxd4 Bxd4 24. Rfd1 Ba4 25. Rd2 h5 26. Nd5 Qe5 27. Nf4 Rac8 28. Kh1 Kg7 29. h4 b5 30. Bf3 Bc3 31. Rd3 b4 32. Rxd8 Rxd8 33. Nd3 Qd4 34. Nb2 Bc6 35. Rd1 Qf6 36. Rxd8 Qxd8 37. Nd1 Qd4 38. Kg2 e5 39. Qc2 Qa7 40. Ne3 Ba4 41. Qc1 Qd4 42. Nd5 Bc6 43. Qd1 Qc4 44. Qb3 Bb5 45. Qb1 Bd2 46. Qa1 f6 47. Qb1 Qd3 48. Qd1 f5 49. exf5 e4 50. f6+ Kf7 51. Ne3 exf3+ 52. Qxf3 Bxe3 53. Qb7+ Qd7 0-1

[Event "Ankara Baskent Univ op-A 3rd"]
[Site "Ankara"]
[Date "2018.08.29"]
[Round "4"]
[White "Kanmazalp, Ogulcan"]
[Black "Strebkovs, Andrejs"]
[Result "1-0"]
[WhiteElo "2481"]
[BlackElo "2282"]
[PlyCount "151"]
[EventDate "2018.08.27"]
[EventType "swiss"]
[EventRounds "9"]
[EventCountry "TUR"]
[SourceTitle "CBM 187 Extra"]
[Source "ChessBase"]
[SourceDate "2018.11.04"]
[SourceVersion "1"]
[SourceVersionDate "2018.11.04"]
[SourceQuality "1"]

1. e4 e6 2. d4 d5 3. Nd2 dxe4 4. Nxe4 Bd7 5. Nf3 Bc6 6. Bd3 Nd7 7. 0-0 Ngf6 8. Ned2 Be7 9. Nc4 Bd5 10. Qe2 0-0 11. Rd1 c5 12. Bf4 b5 13. Ncd2 c4 14. Be4 Nxe4 15. Nxe4 Nf6 16. Nxf6+ Bxf6 17. Ne5 Qc8 18. Qg4 g6 19. Bh6 Bg7 20. Bxg7 Kxg7 21. Qf4 f6 22. Ng4 Qb7 23. Ne3 Rad8 24. b4 Rf7 25. a4 bxa4 26. c3 Qb5 27. h4 Bc6 28. Qg4 Bd5 29. Rdb1 Rb8 30. Nxd5 exd5 31. Qd1 Qe8 32. Rxa4 Re7 33. Rba1 Rbb7 34. Qf3 Qf7 35. Ra6 Re4 36. g3 Rbe7 37. Kg2 Rd7 38. Rc6 Re6 39. Rc5 Red6 40. Raa5 Qe6 41. Rcb5 Qf7 42. Rb8 Rb6 43. Rc8 Rbd6 44. Qf4 Qe6 45. Ra8 a6 46. Rc5 Rd8 47. Rc7+ R8d7 48. Rcc8 Qf7 49. Qe3 Qe6 50. Qf4 Rc6 51. Rxc6 Qxc6 52. Qb8 Qd6 53. Qg8+ Kh6 54. Re8 Rg7 55. Qe6 Qxe6 56. Rxe6 Ra7 57. Rxf6 a5 58. bxa5 Rxa5 59. Kh3 Ra3 60. Rf3 Ra2 61. g4 Kg7 62. g5 Re2 63. Kg3 Rc2 64. Re3 Kf7 65. f3 Rc1 66. Kf4 Rd1 67. Ke5 Rd3 68. Kf4 Rd1 69. Re5 Rd3 70. Rxd5 Rxc3 71. Rd7+ Kg8 72. Rc7 Rc1 73. Ke5 Kf8 74. Rxh7 c3 75. Rc7 Ke8 76. Ke4 1-0

[Event "Ankara Baskent Univ op-A 3rd"]
[Site "Ankara"]
[Date "2018.08.28"]
[Round "2"]
[White "Kanmazalp, Ogulcan"]
[Black "Hajiyev, Shahin"]
[Result "1-0"]
[WhiteElo "2481"]
[BlackElo "1987"]
[PlyCount "43"]
[EventDate "2018.08.27"]
[EventType "swiss"]
[EventRounds "9"]
[EventCountry "TUR"]
[SourceTitle "CBM 187 Extra"]
[Source "ChessBase"]
[SourceDate "2018.11.04"]
[SourceVersion "1"]
[SourceVersionDate "2018.11.04"]
[SourceQuality "1"]

1. e4 e6 2. d4 d5 3. Nd2 Be7 4. e5 c5 5. c3 Nc6 6. Bd3 Qb6 7. Ndf3 cxd4 8. cxd4 Bd7 9. Ne2 Nb4 10. Bb1 Bb5 11. 0-0 Qa6 12. Re1 Nd3 13. Bxd3 Bxd3 14. Nc3 Rc8 15. a4 Bb4 16. Bd2 Ne7 17. Nb5 Bc2 18. Qe2 Bxd2 19. Nd6+ Kf8 20. Nxc8 Bxe1 21. Qxc2 Bb4 22. Nxe7 1-0

[Event "TUR-chT"]
[Site "Ankara"]
[Date "2018.08.04"]
[Round "12.6"]
[White "Kovalev, Vladislav"]
[Black "Kanmazalp, Ogulcan"]
[Result "1-0"]
[WhiteElo "2655"]
[BlackElo "2481"]
[PlyCount "79"]
[EventDate "2018.07.25"]
[EventType "team-tourn"]
[EventRounds "13"]
[EventCountry "TUR"]
[SourceTitle "CBM 185 Extra"]
[Source "ChessBase"]
[SourceDate "2018.07.29"]
[SourceVersion "1"]
[SourceVersionDate "2018.07.29"]
[SourceQuality "1"]
[WhiteTeam "Deniz su Aquamatch"]
[BlackTeam "Kahramanmaras Buyuksehir"]
[WhiteTeamCountry "TUR"]
[BlackTeamCountry "TUR"]

1. e4 e6 2. d3 d5 3. Nd2 c5 4. Ngf3 Nc6 5. g3 Bd6 6. Bg2 Nge7 7. 0-0 0-0 8. Re1 Qc7 9. Qe2 f6 10. c3 Bd7 11. a3 d4 12. cxd4 cxd4 13. Nc4 e5 14. Bd2 b5 15. Nxd6 Qxd6 16. Nh4 g6 17. f4 Kg7 18. Rf1 a5 19. Rf2 Nc8 20. Raf1 Nb6 21. Nf3 Bg4 22. h3 Bxf3 23. Qxf3 Na4 24. Bc1 Nc5 25. h4 Nb3 26. Bh3 Ra7 27. h5 Rc7 28. Rh2 Rff7 29. Bd2 Nxd2 30. Rxd2 a4 31. Rh2 b4 32. Qd1 b3 33. Bg4 g5 34. h6+ Kg8 35. Bh5 Rf8 36. fxg5 fxg5 37. Rxf8+ Kxf8 38. Qg4 Qxh6 39. Qf5+ Ke7 40. Bg4 1-0

[Event "TUR-chT"]
[Site "Ankara"]
[Date "2018.07.29"]
[Round "5.3"]
[White "Tukhaev, Adam"]
[Black "Kanmazalp, Ogulcan"]
[Result "1-0"]
[WhiteElo "2542"]
[BlackElo "2481"]
[PlyCount "169"]
[EventDate "2018.07.25"]
[EventType "team-tourn"]
[EventRounds "13"]
[EventCountry "TUR"]
[SourceTitle "CBM 185 Extra"]
[Source "ChessBase"]
[SourceDate "2018.07.29"]
[SourceVersion "1"]
[SourceVersionDate "2018.07.29"]
[SourceQuality "1"]
[WhiteTeam "Rota Koleji Dernegi"]
[BlackTeam "Kahramanmaras Buyuksehir"]
[WhiteTeamCountry "TUR"]
[BlackTeamCountry "TUR"]

1. e4 e6 2. d4 d5 3. Nc3 Nf6 4. e5 Nfd7 5. f4 c5 6. Nf3 Nc6 7. Be3 cxd4 8. Nxd4 Qb6 9. Qd2 Qxb2 10. Rb1 Qa3 11. Bb5 Nxd4 12. Bxd4 a6 13. Bxd7+ Bxd7 14. Rb3 Qe7 15. Rxb7 Rc8 16. 0-0 Qd8 17. Ne2 Be7 18. Rf3 Rc4 19. Rg3 Qc8 20. Rb2 g6 21. Bf2 0-0 22. Bd4 Qc7 23. Rh3 Bc5 24. Rbb3 Rc8 25. Rbf3 Ba4 26. c3 Bc2 27. Bxc5 Qxc5+ 28. Nd4 Be4 29. Re3 Rb8 30. Re1 Rc8 31. Ree3 Rb8 32. Re1 Qb6 33. Rhe3 Qb2 34. R1e2 Qxd2 35. Rxd2 Rb1+ 36. Kf2 Rc1 37. Ne2 Ra1 38. Nd4 Ra4 39. Ree2 Rc1 40. Re3 Ra1 41. Ree2 Rc1 42. Re3 Bb1 43. Rb2 Rxa2 44. Rxa2 Bxa2 45. Re2 Bc4 46. Rb2 Bb5 47. Nxb5 axb5 48. Rxb5 Rc2+ 49. Kf3 Rxc3+ 50. Kf2 Rc4 51. Kf3 g5 52. fxg5 Re4 53. g4 Rxe5 54. h4 Kg7 55. Rb7 Re1 56. h5 Rf1+ 57. Kg2 Re1 58. Kf3 Re5 59. Kf4 Re4+ 60. Kf3 Re1 61. Rd7 Rd1 62. Kf4 Rd4+ 63. Kf3 e5 64. Rd6 Rd3+ 65. Kg2 e4 66. h6+ Kf8 67. Rd8+ Ke7 68. Rh8 e3 69. Kf3 Rd4 70. g6 fxg6 71. Rxh7+ Kd6 72. Rg7 Re4 73. h7 e2 74. h8Q e1Q 75. Qb8+ Kc5 76. Rc7+ Kd4 77. Qb2+ Kd3 78. Qc2+ Kd4 79. Qb2+ Kd3 80. Qa3+ Kd4 81. Qc5+ Ke5 82. Re7+ Kf6 83. Qd6+ Re6 84. g5+ Kxg5 85. Qf4+ 1-0

[Event "TUR-chT"]
[Site "Ankara"]
[Date "2018.07.27"]
[Round "3.4"]
[White "Salgado Lopez, Ivan"]
[Black "Kanmazalp, Ogulcan"]
[Result "1/2-1/2"]
[WhiteElo "2643"]
[BlackElo "2481"]
[PlyCount "97"]
[EventDate "2018.07.25"]
[EventType "team-tourn"]
[EventRounds "13"]
[EventCountry "TUR"]
[SourceTitle "CBM 185 Extra"]
[Source "ChessBase"]
[SourceDate "2018.07.29"]
[SourceVersion "1"]
[SourceVersionDate "2018.07.29"]
[SourceQuality "1"]
[WhiteTeam "Turk Hava Yollari"]
[BlackTeam "Kahramanmaras Buyuksehir"]
[WhiteTeamCountry "TUR"]
[BlackTeamCountry "TUR"]

1. d4 d5 2. c4 e6 3. Nc3 c6 4. e3 Nf6 5. Nf3 Nbd7 6. Qc2 Bd6 7. Be2 0-0 8. 0-0 b6 9. b3 Bb7 10. Bb2 Qe7 11. Rac1 Rac8 12. Rfd1 Rfd8 13. Qb1 a6 14. a4 a5 15. Bf1 h6 16. h3 Bb4 17. Be2 Bd6 18. Qa1 Ne4 19. Nd2 Nxd2 20. Rxd2 Nf6 21. cxd5 cxd5 22. Rdc2 Bb4 23. Qb1 Ne8 24. Bd3 Rc7 25. Nb5 Rxc2 26. Qxc2 Rc8 27. Qd1 Rxc1 28. Qxc1 Nd6 29. Ba3 Nxb5 30. Bxb4 Qxb4 31. Bxb5 Qd6 32. Qc2 g6 33. f4 h5 34. g4 hxg4 35. hxg4 Qd8 36. g5 Qc8 37. Qxc8+ Bxc8 38. Kf2 Kf8 39. Ke2 Ke7 40. Kd2 Bd7 41. Bd3 Bc6 42. Kc3 Kd6 43. Kb2 Kc7 44. Ka3 Kd6 45. b4 Kc7 46. Kb3 Kd6 47. Bc2 Kc7 48. Kc3 Kd6 49. Kb3 1/2-1/2

[Event "TUR-chT"]
[Site "Ankara"]
[Date "2018.07.26"]
[Round "2.2"]
[White "Kanmazalp, Ogulcan"]
[Black "Ivic, Velimir"]
[Result "1/2-1/2"]
[WhiteElo "2481"]
[BlackElo "2432"]
[PlyCount "97"]
[EventDate "2018.07.25"]
[EventType "team-tourn"]
[EventRounds "13"]
[EventCountry "TUR"]
[SourceTitle "CBM 185 Extra"]
[Source "ChessBase"]
[SourceDate "2018.07.29"]
[SourceVersion "1"]
[SourceVersionDate "2018.07.29"]
[SourceQuality "1"]
[WhiteTeam "Kahramanmaras Buyuksehir"]
[BlackTeam "Gokceada Spor"]
[WhiteTeamCountry "TUR"]
[BlackTeamCountry "TUR"]

1. e4 c5 2. Nf3 d6 3. Bb5+ Nd7 4. 0-0 a6 5. Bd3 Ngf6 6. Re1 e6 7. c3 b5 8. Bc2 c4 9. a4 Bb7 10. d4 cxd3 11. Qxd3 Nc5 12. Qe2 bxa4 13. e5 dxe5 14. Nxe5 Qd5 15. f3 Nfd7 16. Bf4 Nxe5 17. Bxe5 Bd6 18. Bxd6 Qxd6 19. Bxa4+ Nxa4 20. Rxa4 0-0 21. Qe5 Qxe5 22. Rxe5 Rfd8 23. Kf2 Rab8 24. Re2 Bc6 25. Ra5 Rd5 26. Rxd5 Bxd5 27. Na3 Kf8 28. b4 Ke7 29. Ke3 g5 30. Rb2 e5 31. c4 Bc6 32. c5 Bd5 33. Kd3 g4 34. fxg4 Rg8 35. h3 h5 36. Nc4 hxg4 37. Nxe5 gxh3 38. gxh3 Rh8 39. Kd4 Be6 40. Nc6+ Kd7 41. Ne5+ Kc7 42. Re2 Rxh3 43. Nxf7 Rh4+ 44. Kc3 Rc4+ 45. Kd3 Bxf7 46. Re7+ Kc6 47. Rxf7 Rxb4 48. Rf6+ Kxc5 49. Rxa6 1/2-1/2

[Event "Budapest Spring op"]
[Site "Budapest"]
[Date "2018.04.23"]
[Round "6"]
[White "Maiorov, Nikita"]
[Black "Kanmazalp, Ogulcan"]
[Result "1/2-1/2"]
[WhiteElo "2543"]
[BlackElo "2471"]
[PlyCount "55"]
[EventDate "2018.04.18"]
[EventType "swiss"]
[EventRounds "9"]
[EventCountry "HUN"]
[SourceTitle "CBM 184 Extra"]
[Source "ChessBase"]
[SourceDate "2018.06.28"]
[SourceVersion "1"]
[SourceVersionDate "2018.06.28"]
[SourceQuality "1"]

1. d4 Nf6 2. Nf3 d5 3. c4 e6 4. Nc3 Be7 5. Bg5 Nbd7 6. e3 h6 7. Bh4 0-0 8. Rc1 c5 9. dxc5 dxc4 10. c6 bxc6 11. Bxc4 Nb6 12. Bd3 Bb7 13. 0-0 c5 14. Qe2 Nh5 15. Bxe7 Qxe7 16. Nd2 Nf6 17. Rc2 Rfd8 18. Rfc1 Rac8 19. Bb5 Rc7 20. Nc4 Nxc4 21. Bxc4 Ne4 22. Qe1 Nxc3 23. Rxc3 Rcd7 24. Bf1 Rd2 25. R3c2 Qd6 26. f3 Rxc2 27. Rxc2 Ba6 28. Bxa6 1/2-1/2

[Event "Budapest Spring op"]
[Site "Budapest"]
[Date "2018.04.22"]
[Round "5"]
[White "Vajda, Levente"]
[Black "Kanmazalp, Ogulcan"]
[Result "1/2-1/2"]
[WhiteElo "2577"]
[BlackElo "2471"]
[PlyCount "93"]
[EventDate "2018.04.18"]
[EventType "swiss"]
[EventRounds "9"]
[EventCountry "HUN"]
[SourceTitle "CBM 184 Extra"]
[Source "ChessBase"]
[SourceDate "2018.06.28"]
[SourceVersion "1"]
[SourceVersionDate "2018.06.28"]
[SourceQuality "1"]

1. e4 e6 2. d4 d5 3. Nd2 c5 4. Ngf3 cxd4 5. exd5 Qxd5 6. Bc4 Qd8 7. Nb3 Nc6 8. Nbxd4 Nxd4 9. Nxd4 a6 10. c3 Qc7 11. Bb3 Bd7 12. Qf3 Bd6 13. Bg5 h6 14. Bh4 Ne7 15. Rd1 Ng6 16. Bg3 Bxg3 17. hxg3 Ne5 18. Qf4 0-0-0 19. 0-0 Rhf8 20. Rfe1 Nc6 21. Qh4 Kb8 22. Re3 e5 23. Nc2 Bf5 24. Ree1 Rxd1 25. Rxd1 Rd8 26. Rxd8+ Qxd8 27. Ne3 Qxh4 28. gxh4 Bg6 29. g4 f6 30. h5 Bh7 31. Kg2 Ne7 32. a3 Kc7 33. Bc2 Bg8 34. Kf3 a5 35. Be4 b6 36. Ke2 Be6 37. Kd3 Bc8 38. c4 Kd6 39. b3 Be6 40. Kc3 Kc5 41. f3 Bf7 42. Nf1 f5 43. Ba8 fxg4 44. fxg4 Kd6 45. Ne3 g6 46. hxg6 Bxg6 47. b4 1/2-1/2

[Event "EU-ch 19th"]
[Site "Batumi"]
[Date "2018.03.26"]
[Round "9"]
[White "Kanmazalp, Ogulcan"]
[Black "Baglan, Esat"]
[Result "1-0"]
[WhiteElo "2473"]
[BlackElo "2341"]
[PlyCount "67"]
[EventDate "2018.03.17"]
[EventType "swiss"]
[EventRounds "11"]
[EventCountry "GEO"]
[SourceTitle "CBM 184"]
[Source "ChessBase"]
[SourceDate "2018.05.16"]
[SourceVersion "1"]
[SourceVersionDate "2018.05.16"]
[SourceQuality "1"]

1. e4 c5 2. Nc3 g6 3. Bc4 Bg7 4. Qf3 e6 5. Nb5 d6 6. Qg3 Ke7 7. d3 a6 8. Nc3 Nc6 9. f4 Nd4 10. Bb3 Nf6 11. Nf3 Nxf3+ 12. Qxf3 Re8 13. e5 Nd7 14. Ne4 d5 15. Nd6 Rh8 16. c4 d4 17. Nxb7 Qc7 18. Nd6 Rb8 19. 0-0 Bb7 20. Nxb7 Rxb7 21. Qh3 f6 22. exf6+ Nxf6 23. Bd2 Kf7 24. Rae1 Re8 25. Ba4 Re7 26. b3 h5 27. Re2 Ng4 28. Rfe1 Ne3 29. Qf3 e5 30. Bxe3 dxe3 31. Bc6 exf4 32. Bxb7 Qxb7 33. Qxf4+ Kg8 34. Qg5 1-0

[Event "EU-ch 19th"]
[Site "Batumi"]
[Date "2018.03.17"]
[Round "1"]
[White "Kanmazalp, Ogulcan"]
[Black "Ivanchuk, Vassily"]
[Result "0-1"]
[WhiteElo "2473"]
[BlackElo "2713"]
[PlyCount "74"]
[EventDate "2018.03.17"]
[EventType "swiss"]
[EventRounds "11"]
[EventCountry "GEO"]
[SourceTitle "CBM 184"]
[Source "ChessBase"]
[SourceDate "2018.05.16"]
[SourceVersion "1"]
[SourceVersionDate "2018.05.16"]
[SourceQuality "1"]

1. e4 c5 2. Nf3 d6 3. d4 cxd4 4. Nxd4 Nf6 5. Nc3 a6 6. Be2 e5 7. Nf3 Be7 8. Bg5 Nbd7 9. a4 h6 10. Be3 Ng4 11. Bc1 Ngf6 12. Be3 Ng4 13. Bc1 0-0 14. Nd2 Ngf6 15. Nc4 Nc5 16. Bf3 Be6 17. Ne3 b5 18. 0-0 bxa4 19. Ned5 Nxd5 20. Nxd5 Bg5 21. Bxg5 hxg5 22. Nc3 Qd7 23. h3 Rab8 24. Qc1 Rb4 25. Rd1 Rfb8 26. Qxg5 Rxb2 27. Rac1 a3 28. Bg4 Bxg4 29. hxg4 a2 30. Nd5 Nxe4 31. Qh4 Qd8 32. Ne7+ Kf8 33. g5 Kxe7 34. Qxe4 Rb1 35. g6 a1Q 36. Qh4+ f6 37. Qc4 d5 0-1

[Event "Graz op-A"]
[Site "Graz"]
[Date "2018.02.17"]
[Round "1"]
[White "Baum, Jonasz"]
[Black "Kanmazalp, Ogulcan"]
[Result "0-1"]
[WhiteElo "2131"]
[BlackElo "2477"]
[PlyCount "44"]
[EventDate "2018.02.17"]
[EventType "swiss"]
[EventRounds "9"]
[EventCountry "AUT"]
[SourceTitle "CBM 183 Extra"]
[Source "ChessBase"]
[SourceDate "2018.04.19"]
[SourceVersion "1"]
[SourceVersionDate "2018.04.19"]
[SourceQuality "1"]

1. e4 e6 2. d4 d5 3. Bd3 dxe4 4. Bxe4 Nf6 5. Bf3 c5 6. Ne2 Nc6 7. Be3 cxd4 8. Nxd4 Ne5 9. Nc3 Bb4 10. Ndb5 Bd7 11. Nd6+ Ke7 12. Nxb7 Qc8 13. a3 Nxf3+ 14. Qxf3 Bxc3+ 15. bxc3 Qxc3+ 16. Kd1 Rac8 17. Qg3 Qxc2+ 18. Ke1 Qc3+ 19. Bd2 Qxa1+ 20. Ke2 Bb5+ 21. Ke3 Qxa3+ 22. Kd4 Rc4+ 0-1

[Event "Izmir MTS 7th"]
[Site "Izmir"]
[Date "2018.01.14"]
[Round "10"]
[White "Ivanisevic, Ivan"]
[Black "Kanmazalp, Ogulcan"]
[Result "1-0"]
[WhiteElo "2575"]
[BlackElo "2458"]
[PlyCount "81"]
[EventDate "2018.01.05"]
[EventType "schev"]
[EventRounds "10"]
[EventCountry "TUR"]
[SourceTitle "CBM 182 Extra"]
[Source "ChessBase"]
[SourceDate "2018.02.23"]
[SourceVersion "1"]
[SourceVersionDate "2018.02.23"]
[SourceQuality "1"]
[WhiteTeam "Blue Team"]
[BlackTeam "White Team"]
[WhiteTeamCountry "TUR"]
[BlackTeamCountry "TUR"]

1. d4 e6 2. e4 d5 3. Nc3 Bb4 4. Nge2 dxe4 5. a3 Be7 6. Nxe4 Nf6 7. Qd3 0-0 8. Bf4 Nbd7 9. 0-0-0 Nxe4 10. Qxe4 Nf6 11. Qf3 Qd5 12. Qxd5 Nxd5 13. Bd2 c5 14. g3 Bd7 15. Bg2 Bc6 16. Rhe1 c4 17. Bxd5 Bxd5 18. Bb4 Rfe8 19. Bxe7 Rxe7 20. Nf4 Rd7 21. Re5 Rad8 22. Rde1 Bc6 23. c3 Bd5 24. h4 Rd6 25. g4 Kf8 26. g5 Ke7 27. h5 Kd7 28. g6 hxg6 29. hxg6 Rf8 30. Rh5 fxg6 31. Nxg6 Rxf2 32. Ne5+ Kc7 33. Rg1 Kb6 34. Rxg7 Rf1+ 35. Kc2 Rf2+ 36. Kb1 Ka6 37. Nd7 Rg2 38. Nc5+ Kb5 39. Rxd5 exd5 40. Rxg2 b6 41. a4+ 1-0

[Event "Izmir MTS 7th"]
[Site "Izmir"]
[Date "2018.01.12"]
[Round "8"]
[White "Baklan, Vladimir"]
[Black "Kanmazalp, Ogulcan"]
[Result "1/2-1/2"]
[WhiteElo "2598"]
[BlackElo "2458"]
[PlyCount "60"]
[EventDate "2018.01.05"]
[EventType "schev"]
[EventRounds "10"]
[EventCountry "TUR"]
[SourceTitle "CBM 182 Extra"]
[Source "ChessBase"]
[SourceDate "2018.02.23"]
[SourceVersion "1"]
[SourceVersionDate "2018.02.23"]
[SourceQuality "1"]
[WhiteTeam "Blue Team"]
[BlackTeam "White Team"]
[WhiteTeamCountry "TUR"]
[BlackTeamCountry "TUR"]

1. e4 e6 2. d4 d5 3. Nd2 c5 4. Ngf3 cxd4 5. exd5 Qxd5 6. Bc4 Qd8 7. 0-0 Nc6 8. Nb3 a6 9. Nbxd4 Nxd4 10. Qxd4 Qxd4 11. Nxd4 Nf6 12. Bf4 b5 13. Bd3 Bb7 14. Nb3 Be7 15. a4 b4 16. Rfe1 0-0 17. Na5 Bd5 18. Nc4 a5 19. Nb6 Ra7 20. Nxd5 Nxd5 21. Be5 Rc8 22. Rad1 Bf6 23. g3 Bxe5 24. Rxe5 g6 25. Rd2 Kg7 26. Be4 Kf6 27. f4 Rac7 28. Bxd5 exd5 29. Ree2 Re7 30. Kf2 Re6 1/2-1/2

[Event "Izmir MTS 7th"]
[Site "Izmir"]
[Date "2018.01.10"]
[Round "6"]
[White "Kozul, Zdenko"]
[Black "Kanmazalp, Ogulcan"]
[Result "1/2-1/2"]
[WhiteElo "2626"]
[BlackElo "2458"]
[PlyCount "116"]
[EventDate "2018.01.05"]
[EventType "schev"]
[EventRounds "10"]
[EventCountry "TUR"]
[SourceTitle "CBM 182 Extra"]
[Source "ChessBase"]
[SourceDate "2018.02.23"]
[SourceVersion "1"]
[SourceVersionDate "2018.02.23"]
[SourceQuality "1"]
[WhiteTeam "Blue Team"]
[BlackTeam "White Team"]
[WhiteTeamCountry "TUR"]
[BlackTeamCountry "TUR"]

1. d4 Nf6 2. c4 e6 3. Nf3 c5 4. d5 d6 5. Nc3 exd5 6. cxd5 g6 7. Nd2 Bg7 8. e4 0-0 9. Be2 Ne8 10. 0-0 f5 11. exf5 Bxf5 12. Nde4 Na6 13. Bg5 Qb6 14. Qd2 Bxe4 15. Nxe4 Nf6 16. Nxf6+ Bxf6 17. Bg4 Qb4 18. Be6+ Kh8 19. Bxf6+ Rxf6 20. Qh6 Qf4 21. Qh3 Raf8 22. Rae1 Kg7 23. Qc3 Qb4 24. Qc1 Nc7 25. f3 Nxd5 26. Bxd5 Qd4+ 27. Rf2 Qxd5 28. Qc3 Qxa2 29. Re7+ R8f7 30. Rfe2 Qd5 31. Rd2 Qf5 32. Rxf7+ Kxf7 33. Qb3+ Qe6 34. Qxb7+ Qe7 35. Qd5+ Kg7 36. Kf2 Re6 37. g4 Qh4+ 38. Kg2 Qe1 39. h4 h6 40. b3 Re2+ 41. Rxe2 Qxe2+ 42. Kh3 Qe7 43. Kg2 Qe2+ 44. Kh3 Qe7 45. Kg2 a5 46. Qd2 Qd8 47. Qc3+ Kh7 48. Qd3 Kg7 49. Qc3+ Kf7 50. Qc4+ Kf8 51. Qd3 Qf6 52. Qd2 h5 53. g5 Qd8 54. Qd3 Kg7 55. Kf2 Kh7 56. Qd5 Qd7 57. Qa8 Qc7 58. Qf8 Qg7 1/2-1/2

[Event "Izmir MTS 7th"]
[Site "Izmir"]
[Date "2018.01.05"]
[Round "1"]
[White "Kanmazalp, Ogulcan"]
[Black "Kozul, Zdenko"]
[Result "1/2-1/2"]
[WhiteElo "2458"]
[BlackElo "2626"]
[PlyCount "93"]
[EventDate "2018.01.05"]
[EventType "schev"]
[EventRounds "10"]
[EventCountry "TUR"]
[SourceTitle "CBM 182 Extra"]
[Source "ChessBase"]
[SourceDate "2018.02.23"]
[SourceVersion "1"]
[SourceVersionDate "2018.02.23"]
[SourceQuality "1"]
[WhiteTeam "White Team"]
[BlackTeam "Blue Team"]
[WhiteTeamCountry "TUR"]
[BlackTeamCountry "TUR"]

1. e4 c5 2. Nf3 d6 3. d4 cxd4 4. Nxd4 Nf6 5. Nc3 Nc6 6. Bg5 e6 7. Qd2 Qb6 8. Nb3 a6 9. 0-0-0 Be7 10. Kb1 0-0 11. h4 Rd8 12. g4 Qc7 13. Bxf6 Bxf6 14. g5 Be7 15. f4 b5 16. h5 b4 17. Ne2 a5 18. Nbd4 Nxd4 19. Nxd4 a4 20. g6 a3 21. gxf7+ Kxf7 22. b3 Bf6 23. f5 Bxd4 24. Qxd4 Qc3 25. Bc4 Qxd4 26. Rxd4 Kf6 27. fxe6 Bxe6 28. Bxe6 Kxe6 29. Rxb4 Ra5 30. Rb7 Rf8 31. Kc1 Rf2 32. b4 Rg5 33. h6 Rgg2 34. Rc7 gxh6 35. b5 h5 36. b6 Rg5 37. b7 Rb5 38. Rxh7 Rb2 39. Rc7 h4 40. Rxh4 Rxa2 41. Rh6+ Ke5 42. Re7+ Kd4 43. Rxd6+ Ke3 44. Rd3+ Ke2 45. Rd2+ Ke3 46. Rd3+ Ke2 47. Rd2+ 1/2-1/2

[Event "TUR-ch"]
[Site "Suleymanpasa"]
[Date "2017.11.21"]
[Round "11"]
[White "Yilmaz, Mustafa"]
[Black "Kanmazalp, Ogulcan"]
[Result "1/2-1/2"]
[WhiteElo "2637"]
[BlackElo "2452"]
[PlyCount "62"]
[EventDate "2017.11.11"]
[EventType "tourn"]
[EventRounds "11"]
[EventCountry "TUR"]
[EventCategory "5"]
[SourceTitle "CBM 181 Extra"]
[Source "ChessBase"]
[SourceDate "2017.12.12"]
[SourceVersion "1"]
[SourceVersionDate "2017.12.12"]
[SourceQuality "1"]

1. Nf3 Nf6 2. c4 g6 3. Nc3 Bg7 4. e4 d6 5. d4 0-0 6. Be2 e5 7. 0-0 Nc6 8. d5 Ne7 9. b4 Nh5 10. g3 f5 11. Ng5 Nf6 12. Bf3 Rb8 13. b5 fxe4 14. Ncxe4 Nf5 15. Bg2 h6 16. Ne6 Bxe6 17. dxe6 Kh7 18. Rb1 Qe7 19. Nxf6+ Qxf6 20. Bd5 Nd4 21. Be3 c6 22. Be4 Qxe6 23. Bxd4 exd4 24. Bd3 c5 25. Rb2 Rbe8 26. Re2 Qf7 27. Rxe8 Rxe8 28. Re1 Rxe1+ 29. Qxe1 d5 30. cxd5 Qxd5 31. Qe8 Qd6 1/2-1/2

[Event "TUR-ch"]
[Site "Suleymanpasa"]
[Date "2017.11.18"]
[Round "8"]
[White "Ozen, Deniz"]
[Black "Kanmazalp, Ogulcan"]
[Result "0-1"]
[WhiteElo "2410"]
[BlackElo "2452"]
[PlyCount "124"]
[EventDate "2017.11.11"]
[EventType "tourn"]
[EventRounds "11"]
[EventCountry "TUR"]
[EventCategory "5"]
[SourceTitle "CBM 181 Extra"]
[Source "ChessBase"]
[SourceDate "2017.12.12"]
[SourceVersion "1"]
[SourceVersionDate "2017.12.12"]
[SourceQuality "1"]

1. e4 c5 2. Nf3 e6 3. d4 cxd4 4. Nxd4 Nf6 5. Nc3 d6 6. g4 h6 7. g5 hxg5 8. Bxg5 Nc6 9. Qd2 Qb6 10. Nb3 a6 11. 0-0-0 Qc7 12. Bf4 Ne5 13. Bg3 b5 14. f4 Nc4 15. Qd4 Bb7 16. Bxc4 bxc4 17. Nd2 Rc8 18. e5 dxe5 19. fxe5 Nd5 20. Nxd5 Bxd5 21. Ne4 c3 22. Nd6+ Bxd6 23. exd6 cxb2+ 24. Qxb2 Qc6 25. Rhg1 f6 26. Bf4 Kf7 27. Rg3 Rb8 28. Qc3 Rhc8 29. Qxc6 Rxc6 30. h4 Be4 31. Rd2 e5 32. Be3 Rd8 33. d7 Bf5 34. h5 Rxd7 35. Rdg2 Ke6 36. Rxg7 Rxg7 37. Rxg7 Rxc2+ 38. Kd1 Rxa2 39. h6 Rh2 40. Rb7 Bc2+ 41. Kc1 Bd3 42. Rg7 f5 43. Rg6+ Kd5 44. Bg1 Rh3 45. Kd2 f4 46. Rf6 a5 47. Bb6 a4 48. Bc7 a3 49. Rd6+ Ke4 50. Re6 Rh2+ 51. Kd1 Rh1+ 52. Kd2 Rh2+ 53. Kd1 a2 54. Bxe5 Rxh6 55. Re7 Ke3 56. Bc3+ Be4 57. Bd2+ Kf3 58. Ra7 Rh1+ 59. Be1 Ke3 60. Ra3+ Bd3 61. Rxa2 f3 62. Ra8 Rxe1+ 0-1